00538nam a2200169 a 450000100060000000300090000600800410001504000280005608200160008410000340010011000290013424500890016326000460025230000100029849000350030865000250034315557CO-ViMGA141112s2004 ck r 000 u spa d aCO-ViMGAbspacCO-ViMGA04a330.1 S157t1 aSanz de Santamaria, Alejandro aUniversidad de los Andes10aTeorías y conocimiento económico : b¿Políticas y prácticas democráticas? aBogotá, cUniversidad de los Andes 1991 a86.p. aEmpresa, economía y sociedad14aEconomía - TEORIAS